| 000 | 00811nam2a2200205 4500 | ||
|---|---|---|---|
| 001 | RU\NLR\PER_A\002313114_002200 | ||
| 005 | 20260201142919.0 | ||
| 035 | _a(NLR Aleph) 022713195 | ||
| 090 |
_a13542719 _c13542719 |
||
| 100 | _a20260130d2025 u y0rusy50 ca | ||
| 101 | 0 | _arus | |
| 102 | _aRU | ||
| 200 | 0 | _aТ. 89, № 3 | |
| 210 | _d2025 | ||
| 461 | 0 |
_1001RU\NLR\INFOCOMM18\1000176920 _12001#$aИзвестия Российской академии наук$iСерия географическая$vТ. 89, № 3 _94321630 _aРоссийская академия наук _cМ. _d1951 - _iСерия географическая _nНаука _tИзвестия Российской академии наук _vТ. 89, № 3 |
|
| 852 |
_aNLR _jП20/18 |
||
| 942 | _cISSUE | ||
| 980 | _aRUSPER | ||
| 980 | _aNB | ||